[Event "1. Bundesliga 2010/2011"]
[Site "Graz"]
[Date "2011.01.23"]
[Round "7"]
[Board "5"]
[White "Rumpl, Erwin"]
[Black "Baumegger, Siegfried"]
[Result "1/2-1/2"]
[WhiteElo "2326"]
[BlackElo "2398"]
[PlyCount "89"]
[EventDate "2010.11.19"]
[EventType "team"]
[EventRounds "11"]
[EventCountry "AUT"]
[WhiteTeam "ASVOE VHS Poechlarn"]
[BlackTeam "SK Advisory Invest Baden"]

1.Nf3 Nf6 2.g3 d6 3.d4 g6 4.b3 Bg7 5.Bb2 O-O 6.Bg2 c6 7.O-O b5 8.c4 Bb7 9.Nc3 a6
10.Qc2 Nbd7 11.Rab1 Qc7 12.Rfe1 e5 13.dxe5 dxe5 14.Nd2 Rfe8 15.Red1 Bf8 16.Rbc1
Rad8 17.Nce4 Qb8 18.Nxf6+ Nxf6 19.Ne4 Nxe4 20.Qxe4 Bg7 21.Qh4 f6 22.Qe4 Qc7
23.Qc2 Qf7 24.Ba3 f5 25.Bc5 e4 26.Bb6 Rxd1+ 27.Rxd1 bxc4 28.bxc4 Bc8 29.e3 Be6
30.Bf1 Rb8 31.Bc5 Qb7 32.Qa4 Bf7 33.Bd6 Ra8 34.c5 a5 35.Qc2 Qb4 36.Rb1 Qc3
37.Qa4 Bd5 38.Rb6 Qa1 39.Rxc6 Qxa2 40.Qxa2 Bxa2 41.Ra6 Rxa6 42.Bxa6 Bd5 43.Bb5
Bf8 44.Bc7 Bxc5 45.Bxa5

[Event "1. Bundesliga 2010/2011"]
[Site "Graz"]
[Date "2011.01.23"]
[Round "7"]
[Board "6"]
[White "Schneider, Veronika"]
[Black "Porod, Robert"]
[Result "1-0"]
[WhiteElo "2247"]
[BlackElo "2081"]
[PlyCount "75"]
[EventDate "2010.11.19"]
[EventType "team"]
[EventRounds "11"]
[EventCountry "AUT"]
[WhiteTeam "SK Advisory Invest Baden"]
[BlackTeam "ASVOE VHS Poechlarn"]

1.e4 Nf6 2.e5 Nd5 3.d4 d6 4.c4 Nb6 5.exd6 cxd6 6.Nc3 g6 7.Be3 Bg7 8.Rc1 O-O 9.b3
Nc6 10.d5 Ne5 11.Be2 Ned7 12.Nf3 Nf6 13.Nd4 Nbd7 14.O-O a6 15.f4 Nc5 16.Bf3 Qc7
17.b4 Ncd7 18.Na4 b6 19.Qe1 Re8 20.Qf2 a5 21.Nb5 Qb7 22.bxa5 Rxa5 23.Nxb6 Nxb6
24.Bxb6 Ra6 25.Bd4 Bd7 26.Rb1 Rb8 27.Qe2 Bf5 28.Rb3 Qd7 29.Bxf6 exf6 30.g4 Re8
31.Qg2 Rea8 32.gxf5 Rxa2 33.Rb2 Ra1 34.fxg6 hxg6 35.Rbb1 R1a2 36.Rf2 Qf5 37.Rbf1
Qxf4 38.Rxa2

[Event "1. Bundesliga 2010/2011"]
[Site "Graz"]
[Date "2011.01.23"]
[Round "7"]
[Board "1"]
[White "Prusikin, Michael"]
[Black "Kurnosov, Igor"]
[Result "1/2-1/2"]
[WhiteElo "2541"]
[BlackElo "2653"]
[PlyCount "58"]
[EventDate "2010.11.19"]
[EventType "team"]
[EventRounds "11"]
[EventCountry "AUT"]
[WhiteTeam "Wuestenrot SIR Salzburg"]
[BlackTeam "SK Sparkasse Fuerstenfeld"]

1.Nf3 g6 2.c4 Bg7 3.Nc3 c5 4.g3 Nc6 5.Bg2 e5 6.O-O Nge7 7.a3 d6 8.b4 O-O 9.Rb1
Rb8 10.d3 b6 11.Ne1 Bb7 12.Nc2 Nd4 13.Ne3 Bxg2 14.Kxg2 cxb4 15.Rxb4 Qd7 16.Ned5
Nxd5 17.Nxd5 b5 18.cxb5 Rxb5 19.Qa4 a6 20.e4 f5 21.Be3 f4 22.Bxd4 f3+ 23.Kh1
exd4 24.Qxa6 Rc5 25.Rc4 Rb5 26.Rb4 Rc5 27.Rc4 Rb5 28.Rb4 Rc5 29.Rc4 Rb5

[Event "1. Bundesliga 2010/2011"]
[Site "Graz"]
[Date "2011.01.23"]
[Round "7"]
[Board "2"]
[White "Mikhalevski, Victor"]
[Black "Bromberger, Stefan"]
[Result "1-0"]
[WhiteElo "2584"]
[BlackElo "2519"]
[PlyCount "67"]
[EventDate "2010.11.19"]
[EventType "team"]
[EventRounds "11"]
[EventCountry "AUT"]
[WhiteTeam "SK Sparkasse Fuerstenfeld"]
[BlackTeam "Wuestenrot SIR Salzburg"]

1.d4 Nf6 2.c4 e6 3.Nf3 c5 4.d5 exd5 5.cxd5 d6 6.Nc3 g6 7.g3 Bg7 8.Bg2 O-O 9.O-O
Re8 10.Nd2 b6 11.a4 Nbd7 12.h3 Ba6 13.Nb5 Ne5 14.Nb1 Nc4 15.Qc2 Na5 16.N1c3 Bxb5
17.axb5 c4 18.e4 Nd7 19.Be3 Ne5 20.Ne2 a6 21.bxa6 Nd3 22.Bd4 Nb4 23.Qc3 Bxd4
24.Nxd4 Nxa6 25.Nc6 Nxc6 26.dxc6 b5 27.Rfd1 Qe7 28.e5 Qxe5 29.Qxe5 dxe5 30.Rxa6
Rxa6 31.c7 Ra7 32.Rd8 Rxc7 33.Rxe8+ Kg7 34.Rxe5

[Event "1. Bundesliga 2010/2011"]
[Site "Graz"]
[Date "2011.01.23"]
[Round "7"]
[Board "3"]
[White "Drabke, Lorenz"]
[Black "Hera, Imre"]
[Result "0-1"]
[WhiteElo "2454"]
[BlackElo "2565"]
[PlyCount "52"]
[EventDate "2010.11.19"]
[EventType "team"]
[EventRounds "11"]
[EventCountry "AUT"]
[WhiteTeam "Wuestenrot SIR Salzburg"]
[BlackTeam "SK Sparkasse Fuerstenfeld"]

1.e4 c6 2.d4 d5 3.Nd2 dxe4 4.Nxe4 Bf5 5.Ng3 Bg6 6.h4 h6 7.Nf3 Nd7 8.h5 Bh7 9.Bd3
Bxd3 10.Qxd3 e6 11.Bd2 Ngf6 12.O-O-O Be7 13.Qe2 c5 14.Kb1 O-O 15.dxc5 Qc7 16.Nf5
Bxc5 17.Nxh6+ gxh6 18.Bxh6 Rfd8 19.Rh3 Bf8 20.Rg3+ Kh8 21.Bg5 Bd6 22.Qe3 Bxg3
23.fxg3 Rac8 24.Rc1 Qc5 25.Qf4 Qf5 26.Qh4 Rg8

[Event "1. Bundesliga 2010/2011"]
[Site "Graz"]
[Date "2011.01.23"]
[Round "7"]
[Board "4"]
[White "Rapport, Richard"]
[Black "Geske, Julian"]
[Result "1-0"]
[WhiteElo "2540"]
[BlackElo "2329"]
[PlyCount "63"]
[EventDate "2010.11.19"]
[EventType "team"]
[EventRounds "11"]
[EventCountry "AUT"]
[WhiteTeam "SK Sparkasse Fuerstenfeld"]
[BlackTeam "Wuestenrot SIR Salzburg"]

1.d4 Nf6 2.c4 g6 3.g3 Bg7 4.Bg2 O-O 5.Nc3 d6 6.Nf3 Nc6 7.O-O a6 8.e3 e5 9.d5 Ne7
10.e4 Nd7 11.b4 a5 12.Ba3 axb4 13.Bxb4 f5 14.a4 Nf6 15.Nd2 c5 16.dxc6 Nxc6
17.Ba3 Ra6 18.Nb5 Nd4 19.Nxd4 exd4 20.exf5 gxf5 21.Bb2 Qb6 22.Nb3 Ne4 23.Bxd4
Bxd4 24.Nxd4 Qc5 25.Re1 Qxc4 26.Bf1 Qc5 27.Rc1 Qa7 28.Bxa6 bxa6 29.Rxe4 fxe4
30.Rxc8 Rxc8 31.Qg4+ Kf7 32.Qe6+

[Event "1. Bundesliga 2010/2011"]
[Site "Graz"]
[Date "2011.01.23"]
[Round "7"]
[Board "5"]
[White "Pitl, Gregory"]
[Black "Pinter, Jozsef"]
[Result "1/2-1/2"]
[WhiteElo "2376"]
[BlackElo "2521"]
[PlyCount "46"]
[EventDate "2010.11.19"]
[EventType "team"]
[EventRounds "11"]
[EventCountry "AUT"]
[WhiteTeam "Wuestenrot SIR Salzburg"]
[BlackTeam "SK Sparkasse Fuerstenfeld"]

1.d4 Nf6 2.c4 e6 3.g3 c5 4.d5 exd5 5.cxd5 d6 6.Nc3 g6 7.Bg2 Bg7 8.Nf3 O-O 9.O-O
a6 10.a4 Nbd7 11.Bf4 Ne8 12.Qc1 Rb8 13.Rb1 Qc7 14.Rd1 b6 15.b4 Nef6 16.Qa3 Nh5
17.Bd2 Re8 18.bxc5 bxc5 19.Rxb8 Nxb8 20.h3 Nf6 21.Bf4 Nh5 22.Bd2 Nf6 23.Bf4 Nh5

[Event "1. Bundesliga 2010/2011"]
[Site "Graz"]
[Date "2011.01.23"]
[Round "7"]
[Board "6"]
[White "Kilgus, Georg"]
[Black "Lickleder, Andreas"]
[Result "1-0"]
[WhiteElo "2375"]
[BlackElo "2235"]
[PlyCount "57"]
[EventDate "2010.11.19"]
[EventType "team"]
[EventRounds "11"]
[EventCountry "AUT"]
[WhiteTeam "SK Sparkasse Fuerstenfeld"]
[BlackTeam "Wuestenrot SIR Salzburg"]

1.c4 c5 2.g3 Nf6 3.Bg2 e6 4.Nf3 Be7 5.O-O O-O 6.Nc3 d6 7.d4 cxd4 8.Nxd4 a6 9.b3
Qc7 10.Ba3 Nc6 11.Rc1 Nxd4 12.Qxd4 Rd8 13.Rfd1 Rb8 14.Qa7 Bd7 15.Bb4 Be8 16.Qe3
b6 17.Rd3 Rbc8 18.Rcd1 b5 19.cxb5 axb5 20.Qd2 d5 21.Bxe7 Qxe7 22.e4 b4 23.Na4
Bxa4 24.bxa4 Ra8 25.exd5 exd5 26.Bxd5 Rxd5 27.Rxd5 Nxd5 28.Qxd5 Rxa4 29.Qc6

[Event "1. Bundesliga 2010/2011"]
[Site "Graz"]
[Date "2011.01.23"]
[Round "7"]
[Board "1"]
[White "Varga, Zoltan"]
[Black "Rozentalis, Eduardas"]
[Result "1/2-1/2"]
[WhiteElo "2437"]
[BlackElo "2592"]
[PlyCount "65"]
[EventDate "2010.11.19"]
[EventType "team"]
[EventRounds "11"]
[EventCountry "AUT"]
[WhiteTeam "ASVOE SK Lackenbach"]
[BlackTeam "SK Hohenems"]

1.e4 Nf6 2.e5 Nd5 3.d4 d6 4.Nf3 Bg4 5.Be2 c6 6.c4 Nb6 7.exd6 exd6 8.O-O Be7
9.Qb3 O-O 10.Nc3 a5 11.a3 a4 12.Qa2 Re8 13.Re1 N8d7 14.Bf4 h6 15.Rad1 Bf8 16.h3
Qf6 17.Be3 Bf5 18.Rc1 g5 19.b4 axb3 20.Qxb3 d5 21.cxd5 Rxa3 22.Qb2 cxd5 23.Ne5
Bd6 24.Nb5 Rxe3 25.fxe3 Bb8 26.Rf1 Nxe5 27.dxe5 Qxe5 28.Qxe5 Rxe5 29.Nd4 Bg6
30.Kf2 Kg7 31.Rc3 Nd7 32.Bf3 Bd6 33.Rd1

[Event "1. Bundesliga 2010/2011"]
[Site "Graz"]
[Date "2011.01.23"]
[Round "7"]
[Board "2"]
[White "Naumann, Alexander"]
[Black "Vavrak, Peter"]
[Result "1-0"]
[WhiteElo "2544"]
[BlackElo "2466"]
[PlyCount "73"]
[EventDate "2010.11.19"]
[EventType "team"]
[EventRounds "11"]
[EventCountry "AUT"]
[WhiteTeam "SK Hohenems"]
[BlackTeam "ASVOE SK Lackenbach"]

1.c4 e6 2.Nf3 Nf6 3.g3 d5 4.b3 b6 5.Bg2 Bb7 6.O-O g6 7.Bb2 Bg7 8.e3 O-O 9.cxd5
exd5 10.Nc3 Nbd7 11.Ne2 a5 12.Nf4 a4 13.Qc2 a3 14.Bc3 Qe7 15.b4 c5 16.Rab1 Ra7
17.Rfc1 Rc8 18.Qd1 Bh6 19.bxc5 bxc5 20.d4 c4 21.Ne5 Ba8 22.Nxd7 Rxd7 23.Bh3 Bxf4
24.exf4 Bc6 25.Bxd7 Bxd7 26.Qe1 Qd8 27.Ba5 Qf8 28.f3 Bf5 29.Rb7 Re8 30.Qd2 h5
31.Re1 Bd3 32.Bb4 c3 33.Rxe8 Qxe8 34.Qxd3 Qc8 35.Re7 c2 36.Bxa3 h4 37.Qe3

[Event "1. Bundesliga 2010/2011"]
[Site "Graz"]
[Date "2011.01.23"]
[Round "7"]
[Board "3"]
[White "Bokros, Albert"]
[Black "Baramidze, David"]
[Result "0-1"]
[WhiteElo "2498"]
[BlackElo "2554"]
[PlyCount "100"]
[EventDate "2010.11.19"]
[EventType "team"]
[EventRounds "11"]
[EventCountry "AUT"]
[WhiteTeam "ASVOE SK Lackenbach"]
[BlackTeam "SK Hohenems"]

1.e4 e5 2.Nf3 Nc6 3.Bb5 a6 4.Ba4 Nf6 5.O-O Be7 6.Re1 b5 7.Bb3 d6 8.c3 O-O 9.h3
Nb8 10.d4 Nbd7 11.Nbd2 Bb7 12.Bc2 Re8 13.Nf1 Bf8 14.Ng3 g6 15.a4 c5 16.d5 c4
17.Bg5 h6 18.Be3 Nc5 19.Qd2 h5 20.Bg5 Be7 21.Ra3 Nfd7 22.Bh6 Nb6 23.axb5 axb5
24.Rea1 Qc7 25.Be3 Rxa3 26.Rxa3 Ra8 27.Rxa8+ Bxa8 28.Bg5 Bb7 29.Bd1 Bc8 30.Bxe7
Qxe7 31.Qh6 Nbd7 32.Ng5 Qf6 33.Bxh5 gxh5 34.Qh7+ Kf8 35.Nf5 Qxg5 36.Qh8+ Qg8
37.Qh6+ Ke8 38.Qxd6 Qg5 39.h4 Qf6 40.Qc7 Ba6 41.Nd6+ Kf8 42.g3 Kg8 43.Kg2 Kh7
44.f3 Qh6 45.Nxf7 Qb6 46.Qxb6 Nxb6 47.Nxe5 Nd3 48.Nc6 Nxb2 49.d6 Nd3 50.e5 Bc8

[Event "1. Bundesliga 2010/2011"]
[Site "Graz"]
[Date "2011.01.23"]
[Round "7"]
[Board "4"]
[White "Atlas, Valery"]
[Black "Hagara, Eduard"]
[Result "1/2-1/2"]
[WhiteElo "2428"]
[BlackElo "2407"]
[PlyCount "64"]
[EventDate "2010.11.19"]
[EventType "team"]
[EventRounds "11"]
[EventCountry "AUT"]
[WhiteTeam "SK Hohenems"]
[BlackTeam "ASVOE SK Lackenbach"]

1.e4 c5 2.Nf3 Nc6 3.Nc3 Nf6 4.d4 cxd4 5.Nxd4 e5 6.Ndb5 d6 7.Nd5 Nxd5 8.exd5 Nb8
9.c4 Be7 10.Bd3 O-O 11.O-O a6 12.Nc3 f5 13.f3 Nd7 14.Kh1 Bg5 15.b4 a5 16.a3 axb4
17.Bxg5 Qxg5 18.axb4 Rxa1 19.Qxa1 Qe3 20.Be2 Nb8 21.Qc1 Qb6 22.Na2 Na6 23.Qc3
Bd7 24.Rc1 Qf2 25.Qe1 Qd4 26.c5 dxc5 27.Bxa6 bxa6 28.bxc5 Qxd5 29.c6 Qxa2
30.cxd7 Qe6 31.Rd1 Rd8 32.Qc3 Kf7

[Event "1. Bundesliga 2010/2011"]
[Site "Graz"]
[Date "2011.01.23"]
[Round "7"]
[Board "5"]
[White "Vass, Frantisek"]
[Black "Froewis, Georg"]
[Result "0-1"]
[WhiteElo "2317"]
[BlackElo "2284"]
[PlyCount "78"]
[EventDate "2010.11.19"]
[EventType "team"]
[EventRounds "11"]
[EventCountry "AUT"]
[WhiteTeam "ASVOE SK Lackenbach"]
[BlackTeam "SK Hohenems"]

1.d4 d5 2.Nf3 e6 3.c4 Nf6 4.Nc3 c6 5.Qc2 dxc4 6.e3 b5 7.a4 Bb4 8.Bd2 Nd5 9.Ne4
Qe7 10.axb5 cxb5 11.b3 f5 12.Ng3 f4 13.bxc4 bxc4 14.Qxc4 Bxd2+ 15.Nxd2 O-O
16.exf4 Nxf4 17.Nge4 Bb7 18.g3 Rc8 19.Qb3 Nc6 20.Qb2 Nb4 21.gxf4 Bxe4 22.Nxe4
Qb7 23.Nc5 Rxc5 24.dxc5 Nd3+ 25.Bxd3 Qxb2 26.O-O Qd4 27.Rfd1 Qxc5 28.Ra6 Qh5
29.Rda1 Qg4+ 30.Kf1 Qxf4 31.Rxa7 Rf8 32.R1a2 Qf3 33.R7a3 Qh1+ 34.Ke2 Qxh2 35.Ke3
Qf4+ 36.Ke2 Qxf2+ 37.Kd1 Qg1+ 38.Kc2 Qc5+ 39.Kd1 Qg1+

[Event "1. Bundesliga 2010/2011"]
[Site "Graz"]
[Date "2011.01.23"]
[Round "7"]
[Board "6"]
[White "Atlas, Dimitry"]
[Black "Stranz, Richard"]
[Result "0-1"]
[WhiteElo "2325"]
[BlackElo "2219"]
[PlyCount "104"]
[EventDate "2010.11.19"]
[EventType "team"]
[EventRounds "11"]
[EventCountry "AUT"]
[WhiteTeam "SK Hohenems"]
[BlackTeam "ASVOE SK Lackenbach"]

1.e4 c5 2.c3 d5 3.exd5 Qxd5 4.d4 Nc6 5.Nf3 cxd4 6.cxd4 e5 7.Nc3 Bb4 8.Bd2 Bxc3
9.Bxc3 e4 10.Nd2 Nf6 11.Bc4 Qf5 12.Nf1 Nd5 13.Ng3 Nxc3 14.bxc3 Qa5 15.O-O O-O
16.Nxe4 Bf5 17.Nd6 Bg6 18.Qf3 Qc7 19.Nb5 Qa5 20.Qg3 a6 21.Nd6 Qb6 22.Be2 Qb2
23.Rfe1 Rad8 24.h4 h5 25.a4 Na5 26.Nc4 Nxc4 27.Bxc4 Rc8 28.Ra2 Qb6 29.Bd5 Qa5
30.Bxb7 Rxc3 31.Qe5 Qb6 32.Be4 f6 33.Bd5+ Kh7 34.Qf4 Rd8 35.Be4 Rxd4 36.Bxg6+
Kxg6 37.Rb2 Rxf4 38.Rxb6 Rxa4 39.Re7 Rc1+ 40.Kh2 Rxh4+ 41.Kg3 Rg4+ 42.Kh2 Rc2
43.Kg1 a5 44.Rbb7 Kh6 45.Re8 a4 46.Rh8+ Kg6 47.g3 Rg5 48.Ra7 Rc4 49.Kg2 h4
50.Kh3 hxg3 51.fxg3 Rcg4 52.Kh2 Rh5+

[Event "1. Bundesliga 2010/2011"]
[Site "Graz"]
[Date "2011.01.23"]
[Round "7"]
[Board "1"]
[White "Ruck, Robert"]
[Black "Bosiocic, Marin"]
[Result "1-0"]
[WhiteElo "2554"]
[BlackElo "2561"]
[PlyCount "67"]
[EventDate "2010.11.19"]
[EventType "team"]
[EventRounds "11"]
[EventCountry "AUT"]
[WhiteTeam "Styria Graz"]
[BlackTeam "ASVOE Signum Siebdruck St.Veit"]

1.Nf3 c5 2.c4 Nc6 3.Nc3 e5 4.e3 Nf6 5.Be2 d5 6.d4 exd4 7.exd4 Be6 8.cxd5 Nxd5
9.O-O Be7 10.dxc5 Nxc3 11.bxc3 Bxc5 12.Ng5 Qxd1 13.Rxd1 O-O 14.Bf4 Rfe8 15.Kf1
Rad8 16.Nxe6 Rxd1+ 17.Rxd1 fxe6 18.Bf3 Rd8 19.Rxd8+ Nxd8 20.Bc7 Nc6 21.h4 Kf7
22.Be4 h6 23.h5 Ke7 24.Bxc6 bxc6 25.Be5 Kf7 26.Ke2 g6 27.g4 gxh5 28.gxh5 Bf8
29.Kd3 Bg7 30.Bxg7 Kxg7 31.Ke4 Kf6 32.f4 c5 33.c4 a5 34.a4

[Event "1. Bundesliga 2010/2011"]
[Site "Graz"]
[Date "2011.01.23"]
[Round "7"]
[Board "2"]
[White "Ribli, Zoltan"]
[Black "Nanu, Ciprian Costica"]
[Result "1/2-1/2"]
[WhiteElo "2577"]
[BlackElo "2515"]
[PlyCount "60"]
[EventDate "2010.11.19"]
[EventType "team"]
[EventRounds "11"]
[EventCountry "AUT"]
[WhiteTeam "ASVOE Signum Siebdruck St.Veit"]
[BlackTeam "Styria Graz"]

1.d4 Nf6 2.c4 e6 3.Nf3 b6 4.g3 Bb7 5.Bg2 Bb4+ 6.Bd2 Bxd2+ 7.Qxd2 O-O 8.Nc3 Ne4
9.Nxe4 Bxe4 10.O-O d6 11.Ne1 Bxg2 12.Kxg2 Nd7 13.Nf3 Qe7 14.Qg5 Qxg5 15.Nxg5
Rfd8 16.Nf3 Kf8 17.Rfd1 Ke7 18.e3 Nf6 19.Rac1 Ne4 20.Nd2 Nxd2 21.Rxd2 c5 22.Kf3
Rac8 23.d5 e5 24.a4 Rb8 25.Rb1 Rdc8 26.Rc2 Rc7 27.Ke2 Rcc8 28.Kd3 a5 29.Rf1 f5
30.f3 Rf8

[Event "1. Bundesliga 2010/2011"]
[Site "Graz"]
[Date "2011.01.23"]
[Round "7"]
[Board "5"]
[White "Stagl, Marco"]
[Black "Mazi, Leon"]
[Result "1-0"]
[WhiteElo "2111"]
[BlackElo "2368"]
[PlyCount "107"]
[EventDate "2010.11.19"]
[EventType "team"]
[EventRounds "11"]
[EventCountry "AUT"]
[WhiteTeam "Styria Graz"]
[BlackTeam "ASVOE Signum Siebdruck St.Veit"]

1.d4 Nf6 2.c4 d6 3.Nf3 g6 4.g3 Bg7 5.Bg2 O-O 6.Nc3 Nbd7 7.O-O e5 8.e4 c6 9.h3
Re8 10.Be3 exd4 11.Nxd4 Nc5 12.Qc2 Qe7 13.Rfe1 Nfd7 14.Rad1 a5 15.f4 Nb6 16.b3
Bd7 17.Bf2 Rad8 18.a3 Bc8 19.b4 axb4 20.axb4 Ncd7 21.Qb3 Qf6 22.c5 dxc5 23.bxc5
Na8 24.Qa3 Nc7 25.e5 Qe7 26.Ne4 Na6 27.Nb3 Rf8 28.Nd6 Ndb8 29.Nd2 Be6 30.N2e4
Bd5 31.Rb1 Rd7 32.Rb6 f6 33.exf6 Bxf6 34.Nxf6+ Qxf6 35.Rxb7 Bxg2 36.Kxg2 Rxb7
37.Nxb7 Nc7 38.Nd6 Nd5 39.Qa4 h5 40.Bd4 Qd8 41.Qc2 Kh7 42.Re6 Rg8 43.h4 Nd7
44.f5 Nf8 45.Re8 Qd7 46.fxg6+ Nxg6 47.Rxg8 Ndf4+ 48.Kg1 Kxg8 49.gxf4 Nxf4
50.Qb3+ Kh7 51.Qf3 Qe6 52.Qxf4 Qe1+ 53.Kg2 Qe2+ 54.Bf2

[Event "1. Bundesliga 2010/2011"]
[Site "Graz"]
[Date "2011.01.23"]
[Round "7"]
[Board "6"]
[White "Kaspret, Guido"]
[Black "Kozomara, David"]
[Result "1-0"]
[WhiteElo "2291"]
[BlackElo "1934"]
[PlyCount "67"]
[EventDate "2010.11.19"]
[EventType "team"]
[EventRounds "11"]
[EventCountry "AUT"]
[WhiteTeam "ASVOE Signum Siebdruck St.Veit"]
[BlackTeam "Styria Graz"]

1.c4 Nf6 2.Nf3 c6 3.g3 d5 4.Qc2 Bg4 5.Bg2 e6 6.O-O Be7 7.d3 O-O 8.b3 Nbd7 9.Bb2
Rc8 10.Nbd2 Re8 11.Rac1 Bd6 12.e4 dxe4 13.dxe4 e5 14.h3 Bh5 15.Nh4 Bc5 16.Ndf3
Qb6 17.a3 a5 18.Rb1 Qa7 19.Bc1 b5 20.b4 Bb6 21.Nf5 Bc7 22.Be3 Qb8 23.bxa5 Bxa5
24.Rfd1 Rc7 25.Rd6 Bg6 26.N3h4 Nb6 27.Bf1 Nc8 28.Rdd1 Ne7 29.Nxe7+ Rexe7 30.Nxg6
hxg6 31.Bc5 Re8 32.Be3 Rce7 33.Rxb5 Qc7 34.Qa4

[Event "1. Bundesliga 2010/2011"]
[Site "Graz"]
[Date "2011.01.23"]
[Round "7"]
[Board "1"]
[White "Ragger, Markus"]
[Black "Kraemer, Martin"]
[Result "1-0"]
[WhiteElo "2614"]
[BlackElo "2506"]
[PlyCount "157"]
[EventDate "2010.11.19"]
[EventType "team"]
[EventRounds "11"]
[EventCountry "AUT"]
[WhiteTeam "SK MPOE Maria Saal"]
[BlackTeam "ASVOE Wulkaprodersdorf"]

1.c4 e6 2.Nf3 Nf6 3.g3 b6 4.Bg2 Bb7 5.O-O Be7 6.d4 O-O 7.d5 exd5 8.Nh4 c6 9.cxd5
Nxd5 10.Nf5 Nc7 11.Nc3 d5 12.e4 Bf6 13.exd5 Nxd5 14.Nxd5 cxd5 15.Bf4 Na6 16.Nd6
Bc6 17.Rc1 Qd7 18.Rxc6 Qxc6 19.Bxd5 Qd7 20.Nxf7 Nb4 21.Nh6+ Kh8 22.Bxa8 Qxd1
23.Rxd1 Rxa8 24.Be5 Bxe5 25.Nf7+ Kg8 26.Nxe5 Nxa2 27.Nc6 Re8 28.Rd7 a5 29.Rb7
Nc1 30.Rxb6 a4 31.Rb4 Nd3 32.Rxa4 Nxb2 33.Rd4 Re6 34.Rd8+ Kf7 35.Rd7+ Kf8 36.Nd4
Re7 37.Rd8+ Kf7 38.Nf5 Rc7 39.Rd4 Ke6 40.Ne3 Rd7 41.Rh4 g6 42.g4 Nd1 43.Ng2 Nc3
44.Kf1 Rf7 45.Rh3 Nd5 46.Ra3 Rc7 47.Ra1 Rc4 48.Re1+ Kf6 49.g5+ Kf7 50.Rd1 Ke6
51.Re1+ Kf7 52.f3 Rc2 53.Re4 Ne7 54.Rh4 Kg7 55.Ne3 Ra2 56.Re4 Kf7 57.h4 Kf8
58.Kg1 Rb2 59.Re6 Kf7 60.Rf6+ Kg7 61.Nc4 Rb1+ 62.Kf2 Rh1 63.Nd6 Nd5 64.Ne8+ Kg8
65.Rd6 Ne7 66.Nf6+ Kf7 67.h5 gxh5 68.Kg2 Rh4 69.Nxh7 Rf4 70.Nf6 Nf5 71.Nxh5 Nxd6
72.Nxf4 Kg7 73.Kg3 Nf7 74.Ne6+ Kg6 75.f4 Kf5 76.Nd4+ Ke4 77.Nf3 Nd8 78.Kg4 Ne6
79.f5

[Event "1. Bundesliga 2010/2011"]
[Site "Graz"]
[Date "2011.01.23"]
[Round "7"]
[Board "2"]
[White "Polzin, Rainer"]
[Black "Buhmann, Rainer"]
[Result "1/2-1/2"]
[WhiteElo "2494"]
[BlackElo "2590"]
[PlyCount "134"]
[EventDate "2010.11.19"]
[EventType "team"]
[EventRounds "11"]
[EventCountry "AUT"]
[WhiteTeam "ASVOE Wulkaprodersdorf"]
[BlackTeam "SK MPOE Maria Saal"]

1.e4 e5 2.Nf3 Nc6 3.Bb5 Nf6 4.O-O Nxe4 5.Re1 Nd6 6.Nxe5 Be7 7.Bf1 Nxe5 8.Rxe5
O-O 9.d4 Bf6 10.Re1 Re8 11.c3 Rxe1 12.Qxe1 Qe8 13.Qxe8+ Nxe8 14.Bf4 d6 15.a4 a5
16.Na3 d5 17.Re1 Bd7 18.Nb5 Rc8 19.Bd3 g6 20.h3 Be6 21.g4 Be7 22.Bg3 c6 23.Na3
Bd6 24.Kg2 Bxg3 25.Kxg3 Nd6 26.Nc2 Re8 27.f3 f6 28.b4 Kf7 29.bxa5 Ra8 30.a6 bxa6
31.Nb4 a5 32.Nxc6 Rc8 33.Bb5 h5 34.Kf2 Nxb5 35.axb5 a4 36.f4 hxg4 37.hxg4 a3
38.Ra1 Bd7 39.Rxa3 Bxc6 40.bxc6 Rxc6 41.f5 Kg7 42.Kf3 Kh6 43.Kf4 Rc8 44.fxg6
Kxg6 45.Ra6 Kg7 46.Kf5 Rxc3 47.Ra7+ Kf8 48.Kxf6 Rf3+ 49.Ke5 Rg3 50.Kf4 Rd3
51.Ra4 Rd1 52.g5 Kf7 53.Ra7+ Kf8 54.Ke5 Rg1 55.Kf6 Rf1+ 56.Kg6 Rf4 57.Ra4 Ke7
58.Kg7 Ke6 59.g6 Kf5 60.Ra1 Rxd4 61.Kf7 Rg4 62.g7 d4 63.Re1 Kf4 64.g8=Q Rxg8
65.Kxg8 d3 66.Rd1 Ke3 67.Rxd3+ Kxd3

[Event "1. Bundesliga 2010/2011"]
[Site "Graz"]
[Date "2011.01.23"]
[Round "7"]
[Board "3"]
[White "Kreisl, Robert"]
[Black "Schneider, Ilja"]
[Result "0-1"]
[WhiteElo "2394"]
[BlackElo "2511"]
[PlyCount "76"]
[EventDate "2010.11.19"]
[EventType "team"]
[EventRounds "11"]
[EventCountry "AUT"]
[WhiteTeam "SK MPOE Maria Saal"]
[BlackTeam "ASVOE Wulkaprodersdorf"]

1.c4 c6 2.e4 d5 3.exd5 cxd5 4.d4 Nf6 5.Nc3 Nc6 6.Nf3 Bg4 7.cxd5 Nxd5 8.Qb3 Bxf3
9.gxf3 e6 10.Qxb7 Nxd4 11.Bb5+ Nxb5 12.Qc6+ Ke7 13.Qxb5 Nxc3 14.bxc3 Rb8 15.Qc5+
Ke8 16.Qxa7 Bd6 17.O-O Qh4 18.Rd1 Qxh2+ 19.Kf1 Qh3+ 20.Ke1 Qh1+ 21.Ke2 Qh5
22.Rxd6 Qe5+ 23.Be3 Qxd6 24.Rd1 Qe5 25.Qd7+ Kf8 26.Kf1 Ra8 27.Bb6 Qb8 28.Bc7 Qe8
29.Qd4 h6 30.Be5 f6 31.Bxf6 gxf6 32.Qxf6+ Kg8 33.Rd4 Kh7 34.Rb4 Ra7 35.Rb6 Qg6
36.Qd4 Rg8 37.a4 Rf7 38.Qe3 Rd7

[Event "1. Bundesliga 2010/2011"]
[Site "Graz"]
[Date "2011.01.23"]
[Round "7"]
[Board "4"]
[White "Berczes, David"]
[Black "Halvax, Georg"]
[Result "1-0"]
[WhiteElo "2535"]
[BlackElo "2272"]
[PlyCount "127"]
[EventDate "2010.11.19"]
[EventType "team"]
[EventRounds "11"]
[EventCountry "AUT"]
[WhiteTeam "ASVOE Wulkaprodersdorf"]
[BlackTeam "SK MPOE Maria Saal"]

1.Nf3 Nf6 2.c4 e6 3.d4 d5 4.g3 dxc4 5.Bg2 a6 6.Ne5 c5 7.Na3 cxd4 8.Naxc4 Ra7
9.Bd2 b6 10.Rc1 Bb7 11.Bxb7 Rxb7 12.O-O Nd5 13.Qa4+ b5 14.Qb3 Bc5 15.Na5 Rc7
16.Rxc5 Rxc5 17.Nb7 Qc7 18.Nxc5 Qxe5 19.Nxa6 Qxe2 20.Nxb8 Qxd2 21.Qxb5+ Ke7
22.Nc6+ Kf6 23.Qb3 d3 24.Rd1 Qc2 25.Qxc2 dxc2 26.Rc1 Rc8 27.Rxc2 e5 28.Nb4 Rxc2
29.Nxc2 e4 30.Kf1 Ke5 31.Ke2 f5 32.a4 g5 33.a5 Nc7 34.b4 f4 35.Kd2 Kd5 36.Na3
Kd4 37.b5 Kc5 38.b6 Na6 39.Kc3 e3 40.fxe3 fxe3 41.b7 e2 42.Kd2 Kb4 43.Nc2+ Kxa5
44.Kxe2 Kb6 45.Kf3 Kxb7 46.Kg4 h6 47.Kh5 Nc5 48.Kxh6 Ne4 49.Kh5 Kc7 50.Ne1 Kd6
51.Nf3 g4 52.Kxg4 Ke7 53.Kf5 Nd6+ 54.Kg6 Kf8 55.g4 Kg8 56.h4 Nc8 57.g5 Ne7+
58.Kf6 Nd5+ 59.Ke5 Ne7 60.h5 Kg7 61.Nd4 Ng8 62.Nf5+ Kh7 63.Ke6 Kh8 64.g6

[Event "1. Bundesliga 2010/2011"]
[Site "Graz"]
[Date "2011.01.23"]
[Round "7"]
[Board "5"]
[White "Hartl, Daniel"]
[Black "Prohaszka, Peter"]
[Result "0-1"]
[WhiteElo "2285"]
[BlackElo "2545"]
[PlyCount "62"]
[EventDate "2010.11.19"]
[EventType "team"]
[EventRounds "11"]
[EventCountry "AUT"]
[WhiteTeam "SK MPOE Maria Saal"]
[BlackTeam "ASVOE Wulkaprodersdorf"]

1.d4 Nf6 2.c4 e6 3.g3 d5 4.Nf3 Be7 5.Bg2 O-O 6.O-O c6 7.Qc2 b6 8.Nbd2 Bb7 9.e4
Na6 10.Rd1 Rc8 11.b3 Qc7 12.Bb2 Rfe8 13.a3 Qb8 14.Ne5 Red8 15.b4 Nc7 16.exd5
cxd5 17.c5 Nce8 18.Rac1 Nd7 19.Nd3 Ba6 20.Nf4 Bg5 21.Qa4 Bc4 22.Nxc4 dxc4 23.d5
e5 24.Qc2 exf4 25.d6 bxc5 26.Rd5 Bf6 27.Bh3 c3 28.Ba1 cxb4 29.axb4 Qxb4 30.Re1
Nxd6 31.Rb1 Qe4

[Event "1. Bundesliga 2010/2011"]
[Site "Graz"]
[Date "2011.01.23"]
[Round "7"]
[Board "6"]
[White "Thiede, Lars"]
[Black "Ertl, Johann"]
[Result "1-0"]
[WhiteElo "2445"]
[BlackElo "2280"]
[PlyCount "101"]
[EventDate "2010.11.19"]
[EventType "team"]
[EventRounds "11"]
[EventCountry "AUT"]
[WhiteTeam "ASVOE Wulkaprodersdorf"]
[BlackTeam "SK MPOE Maria Saal"]

1.Nf3 Nf6 2.c4 g6 3.g3 Bg7 4.Bg2 O-O 5.O-O d6 6.Nc3 e5 7.d3 Nc6 8.Rb1 a5 9.a3
Re8 10.Ne1 h6 11.Nc2 Ne7 12.e4 c6 13.Ne3 Be6 14.f4 Qd7 15.Qf3 Bh3 16.f5 Bxg2
17.Kxg2 d5 18.Ng4 Nxg4 19.Qxg4 gxf5 20.exf5 Kh7 21.Qh5 Ng8 22.f6 Nxf6 23.Rxf6
Bxf6 24.Qxh6+ Kg8 25.Qxf6 Re6 26.Qf3 e4 27.Qg4+ Kh8 28.cxd5 cxd5 29.Bf4 Qc6
30.d4 e3 31.Re1 b5 32.Qh5+ Kg8 33.Qxd5 b4 34.Qxc6 Rxc6 35.d5 Rc4 36.axb4 axb4
37.Nd1 Rd4 38.Nxe3 Rd2+ 39.Kf3 Rxb2 40.d6 Rd2 41.Nf5 Rd3+ 42.Ke4 Rc3 43.Ne7+ Kf8
44.Bh6+ Ke8 45.Nd5 Rc6 46.Kd4+ Kd7 47.Re7+ Kc8 48.d7+ Kd8 49.Bg5 f6 50.Bxf6 Rxf6
51.Re8+